[Event "European School-ch 2019"]
[Site "Mamaia"]
[Date "2019.06.03"]
[Round "4.35"]
[White "Dias, Ruwan"]
[Black "Korovko, Iakov"]
[Result "0-1"]
[WhiteElo "1359"]
[BlackElo "1232"]
[Annotator "NA"]
[PlyCount "124"]
[EventDate "2019.05.31"]
[EventType "swiss"]
[EventCountry "ROU"]
[SourceTitle "playchess.com"]
[Source "ChessBase"]
[SourceQuality "1"]
[TimeControl "40/5400+30:1800+30"]

1. e4 {[%emt 0:00:00]} e6 {[%emt 0:00:00]} 2. d4 {[%emt 0:00:00]} d5 {[%emt 0:00:07]} 3. Nc3 {[%emt 0:00:00]} Bb4 {[%emt 0:00:27]} 4. e5 {[%emt 0:00:04]} b6 {[%emt 0:00:33]} 5. a3 {[%emt 0:00:18]} Bf8 {[%emt 0:03:12]} 6. Nf3 {[%emt 0:03:31]} Ba6 7. Bxa6 {[%emt 0:01:01]} Nxa6 {[%emt 0:00:47]} 8. O-O {[%emt 0:01:05]} Ne7 {[%emt 0:01:47]} 9. Bg5 {[%emt 0:04:47]} h6 {[%emt 0:02:19]} 10. Bh4 {[%emt 0:00:10]} Qc8 {[%emt 0:02:31]} 11. Qd2 {[%emt 0:04:48]} Nf5 {[%emt 0:00:55]} 12. Bg3 {[%emt 0:01:48]} Be7 {[%emt 0:02:36]} 13. Ne2 {[%emt 0:10:12]} O-O {[%emt 0:07:37]} 14. Nf4 {[%emt 0:04:11]} c5 {[%emt 0:02:38]} 15. c3 {[%emt 0:02:46]} Nb8 {[%emt 0:05:40]} 16. Rac1 {[%emt 0:04:17]} c4 {[%emt 0:03:57]} 17. Qc2 {[%emt 0:04:24]} Nc6 {[%emt 0:04:41]} 18. b4 {[%emt 0:07:54]} cxb3 {[%emt 0:01:41]} 19. Qxb3 {[%emt 0:00:38]} Na5 {[%emt 0:01:05]} 20. Qa2 {[%emt 0:02:00]} Qa6 {[%emt 0:11:00]} 21. Nd2 {[%emt 0:01:15]} Rac8 {[%emt 0:05:05]} 22. Rc2 {[%emt 0:02:21]} Nc4 {[%emt 0:02:47]} 23. Nxc4 {[%emt 0:00:31]} Rxc4 {[%emt 0:00:24]} 24. Rfc1 {[%emt 0:03:53]} Rfc8 {[%emt 0:10:32]} 25. Nd3 {[%emt 0:03:23]} Ra4 {[%emt 0:04:38]} 26. Nb4 {[%emt 0:01:05]} Bxb4 {[%emt 0:01:23]} 27. cxb4 {[%emt 0:01:20]} Rxc2 {[%emt 0:00:23]} 28. Rxc2 {[%emt 0:00:07]} Rxa3 {[%emt 0:00:21]} 29. Qb2 {[%emt 0:00:28]} Nxd4 {[%emt 0:03:22]} 30. Rc8+ Qxc8 {[%emt 0:00:52]} 31. Qxa3 {[%emt 0:05:11]} Ne2+ {[%emt 0:00:41]} 32. Kf1 {[%emt 0:01:31]} Qc1+ {[%emt 0:00:17]} 33. Qxc1 {[%emt 0:00:15]} Nxc1 {[%emt 0:00:45]} 34. f4 {[%emt 0:00:57]} Nd3 {[%emt 0:00:14]} 35. Be1 {[%emt 0:00:10]} Nxe1 {[%emt 0:00:53]} 36. Kxe1 {[%emt 0:00:11]} a6 {[%emt 0:00:12]} 37. Kd2 {[%emt 0:00:28]} Kf8 {[%emt 0:00:05]} 38. g4 {[%emt 0:00:37]} Ke7 {[%emt 0:00:08]} 39. h4 {[%emt 0:00:00]} Kd7 {[%emt 0:00:00]} 40. b5 {[%emt 0:00:00]} axb5 {[%emt 0:00:00]} 41. Kc3 {[%emt 0:02:32]} Kc6 {[%emt 0:00:26]} 42. Kb4 {[%emt 0:01:14]} d4 {[%emt 0:00:07]} 43. f5 {[%emt 0:00:35]} g5 {[%emt 0:00:33]} 44. hxg5 {[%emt 0:01:13]} hxg5 {[%emt 0:00:08]} 45. f6 {[%emt 0:00:28]} Kd5 {[%emt 0:00:07]} 46. Kb3 {[%emt 0:00:59]} Kxe5 {[%emt 0:00:06]} 47. Kc2 {[%emt 0:00:39]} Ke4 {[%emt 0:00:06]} 48. Kd2 {[%emt 0:00:24]} d3 {[%emt 0:00:04]} 49. Kd1 {[%emt 0:00:16]} Ke3 {[%emt 0:00:07]} 50. Ke1 {[%emt 0:00:20]} d2+ {[%emt 0:00:06]} 51. Kd1 {[%emt 0:00:07]} b4 {[%emt 0:00:04]} 52. Kc2 {[%emt 0:00:19]} Ke2 {[%emt 0:00:07]} 53. Kb3 {[%emt 0:00:07]} d1=Q+ {[%emt 0:00:11]} 54. Kxb4 {[%emt 0:00:13]} Qc2 {[%emt 0:00:09]} 55. Kb5 {[%emt 0:00:28]} Kd3 {[%emt 0:00:06]} 56. Kxb6 {[%emt 0:00:17]} e5 {[%emt 0:00:12]} 57. Kb5 {[%emt 0:00:15]} e4 {[%emt 0:00:13]} 58. Kb6 {[%emt 0:00:08]} e3 {[%emt 0:00:12]} 59. Kb5 {[%emt 0:00:09]} e2 {[%emt 0:00:09]} 60. Kb6 {[%emt 0:00:13]} e1=Q {[%emt 0:00:27]} 61. Kb5 {[%emt 0:00:05]} Qeb1+ {[%emt 0:00:18]} 62. Ka5 {[%emt 0:00:07]} Qca2# {[%emt 0:00:12]} 0-1

[Event "European School-ch 2019"]
[Site "Mamaia"]
[Date "2019.06.03"]
[Round "4.36"]
[White "Damodaran, Patrick"]
[Black "Mirzoyan, Davit T."]
[Result "0-1"]
[WhiteElo "1157"]
[BlackElo "2388"]
[Annotator "ChessBase"]
[PlyCount "47"]
[EventDate "2019.05.31"]
[EventType "swiss"]
[EventCountry "ROU"]
[SourceTitle "playchess.com"]
[Source "ChessBase"]
[SourceQuality "1"]
[TimeControl "40/5400+30:1800+30"]

1. d4 {[%emt 0:01:42]} f5 {[%emt 0:00:00]} 2. g3 {[%emt 0:02:42]} Nf6 {[%emt 0:01:57]} 3. Bg2 {[%emt 0:03:24]} e6 {[%emt 0:00:43]} 4. Nf3 {[%emt 0:01:36]} Be7 {[%emt 0:00:47]} 5. O-O {[%emt 0:01:30]} O-O {[%emt 0:00:12]} 6. c4 {[%emt 0:03:37]} c6 {[%emt 0:03:22]} 7. Nc3 {[%emt 0:02:20]} d5 {[%emt 0:01:22]} 8. c5 {[%emt 0:02:27]} Bd7 {[%emt 0:04:20]} 9. Bf4 {[%emt 0:02:54]} Be8 {[%emt 0:02:23]} 10. Ng5 {[%emt 0:02:14]} Bf7 {[%emt 0:02:28]} 11. Nxf7 {[%emt 0:05:03]} Rxf7 {[%emt 0:00:32]} 12. Re1 {[%emt 0:02:41]} Nbd7 {[%emt 0:01:56]} 13. f3 {[%emt 0:02:13]} b6 {[%emt 0:05:51]} 14. cxb6 {[%emt 0:01:57]} Qxb6 {[%emt 0:02:59]} 15. Qc2 {[%emt 0:01:27]} Qxd4+ {[%emt 0:04:03]} 16. e3 {[%emt 0:00:48]} Qc5 {[%emt 0:01:33]} 17. Rac1 {[%emt 0:01:05]} Nh5 {[%emt 0:02:23]} 18. Bc7 {[%emt 0:02:32]} Rc8 {[%emt 0:00:39]} 19. Bf4 {[%emt 0:03:54]} e5 {[%emt 0:01:12]} 20. g4 {[%emt 0:02:36]} fxg4 {[%emt 0:01:15]} 21. Bg3 {[%emt 0:00:38]} Nxg3 {[%emt 0:00:10]} 22. hxg3 {[%emt 0:01:02]} gxf3 {[%emt 0:00:09]} 23. Bh3 {[%emt 0:06:25]} f2+ {[%emt 0:02:30]} 24. Kh2 {[%emt 0:01:18]} 0-1

[Event "European School-ch 2019"]
[Site "Mamaia"]
[Date "2019.06.03"]
[Round "4.37"]
[White "Savu, Vicentiu-Dorian"]
[Black "Simsek, Suat Can"]
[Result "1-0"]
[WhiteElo "1133"]
[BlackElo "1761"]
[Annotator "NA"]
[PlyCount "91"]
[EventDate "2019.05.31"]
[EventType "swiss"]
[EventCountry "ROU"]
[SourceTitle "playchess.com"]
[Source "ChessBase"]
[SourceQuality "1"]
[TimeControl "40/5400+30:1800+30"]

1. d4 {[%emt 0:00:00]} d5 {[%emt 0:00:00]} 2. Bf4 {[%emt 0:00:18]} e6 {[%emt 0:00:00]} 3. e3 {[%emt 0:00:12]} f5 {[%emt 0:02:24]} 4. Nf3 {[%emt 0:00:42]} Nf6 {[%emt 0:01:29]} 5. Bd3 {[%emt 0:00:20]} Be7 {[%emt 0:03:34]} 6. Nbd2 {[%emt 0:00:19]} Nbd7 {[%emt 0:01:01]} 7. Ne5 {[%emt 0:00:28]} O-O {[%emt 0:02:19]} 8. Qf3 {[%emt 0:00:12]} Ne4 {[%emt 0:06:15]} 9. Bxe4 {[%emt 0:00:44]} fxe4 {[%emt 0:02:19]} 10. Qh3 {[%emt 0:00:14]} Nxe5 {[%emt 0:06:15]} 11. Bxe5 {[%emt 0:01:19]} Bf6 {[%emt 0:11:51]} 12. Qg3 {[%emt 0:01:31]} Bd7 {[%emt 0:03:03]} 13. f3 {[%emt 0:00:53]} Bh4 {[%emt 0:02:23]} 14. fxe4 {[%emt 0:03:46]} Bxg3+ {[%emt 0:04:22]} 15. hxg3 {[%emt 0:01:32]} dxe4 {[%emt 0:01:15]} 16. Rh4 {[%emt 0:00:14]} Bc6 {[%emt 0:00:55]} 17. Rg4 {[%emt 0:00:54]} Rf7 {[%emt 0:00:40]} 18. O-O-O {[%emt 0:00:37]} Bb5 {[%emt 0:02:29]} 19. Rh1 {[%emt 0:05:00]} Be2 {[%emt 0:02:30]} 20. Rgh4 {[%emt 0:00:16]} h6 {[%emt 0:02:38]} 21. Nxe4 {[%emt 0:01:00]} Rf1+ {[%emt 0:00:33]} 22. Rxf1 {[%emt 0:01:00]} Bxf1 {[%emt 0:00:18]} 23. Rg4 {[%emt 0:00:45]} Qd7 {[%emt 0:02:12]} 24. Nf6+ {[%emt 0:02:22]} Kh8 {[%emt 0:00:28]} 25. Nxd7 Rg8 {[%emt 0:00:30]} 26. Rg6 {[%emt 0:02:34]} Kh7 {[%emt 0:00:18]} 27. Rxe6 {[%emt 0:02:04]} Bxg2 {[%emt 0:00:15]} 28. Re7 {[%emt 0:01:04]} c6 {[%emt 0:02:10]} 29. Nf6+ {[%emt 0:01:16]} Kh8 {[%emt 0:00:14]} 30. Nxg8 {[%emt 0:00:31]} Kxg8 {[%emt 0:00:08]} 31. Rxg7+ {[%emt 0:00:55]} Kf8 {[%emt 0:00:14]} 32. Rxb7 {[%emt 0:00:36]} c5 {[%emt 0:00:07]} 33. Rxa7 {[%emt 0:01:16]} cxd4 {[%emt 0:00:07]} 34. exd4 {[%emt 0:02:25]} h5 {[%emt 0:00:05]} 35. Kd2 {[%emt 0:00:38]} Bh1 {[%emt 0:02:17]} 36. b4 {[%emt 0:00:49]} Bg2 {[%emt 0:00:06]} 37. Kc3 {[%emt 0:01:59]} Ke8 {[%emt 0:00:04]} 38. Kc4 {[%emt 0:00:00]} Kd8 {[%emt 0:00:00]} 39. Kc5 {[%emt 0:00:00]} Kc8 {[%emt 0:00:00]} 40. b5 {[%emt 0:00:00]} Bh1 {[%emt 0:00:00]} 41. d5 {[%emt 0:06:24]} Bg2 {[%emt 0:05:36]} 42. Ra8+ {[%emt 0:01:45]} Kb7 {[%emt 0:00:15]} 43. Rb8+ {[%emt 0:00:42]} Ka7 {[%emt 0:00:05]} 44. Kc6 {[%emt 0:00:47]} Bh1 {[%emt 0:01:38]} 45. b6+ {[%emt 0:00:52]} Ka6 {[%emt 0:03:23]} 46. Ra8# {[%emt 0:00:20]} 1-0

[Event "European School-ch 2019"]
[Site "Mamaia"]
[Date "2019.06.03"]
[Round "4.41"]
[White "Shatil, Or"]
[Black "Mgeladze, Kesaria"]
[Result "0-1"]
[WhiteElo "1199"]
[BlackElo "1322"]
[Annotator "NA"]
[PlyCount "72"]
[EventDate "2019.05.31"]
[EventType "swiss"]
[EventCountry "ROU"]
[SourceTitle "playchess.com"]
[Source "ChessBase"]
[SourceQuality "1"]
[TimeControl "40/5400+30:1800+30"]

1. e4 {[%emt 0:00:00]} c6 {[%emt 0:00:00]} 2. d4 {[%emt 0:00:00]} d5 {[%emt 0:00:00]} 3. exd5 {[%emt 0:00:00]} cxd5 {[%emt 0:00:00]} 4. Bd3 {[%emt 0:00:00]} Nc6 {[%emt 0:00:00]} 5. c3 {[%emt 0:00:17]} Qc7 {[%emt 0:00:00]} 6. h3 {[%emt 0:00:07]} g6 {[%emt 0:00:41]} 7. Ne2 {[%emt 0:00:06]} Bf5 {[%emt 0:01:12]} 8. Bxf5 gxf5 {[%emt 0:00:12]} 9. Bf4 {[%emt 0:00:19]} Qb6 {[%emt 0:00:49]} 10. Qb3 {[%emt 0:03:19]} Nf6 {[%emt 0:09:23]} 11. O-O {[%emt 0:05:33]} e6 {[%emt 0:07:24]} 12. Qxb6 {[%emt 0:00:54]} axb6 {[%emt 0:00:10]} 13. Re1 {[%emt 0:03:17]} Be7 {[%emt 0:02:14]} 14. Nd2 {[%emt 0:01:21]} O-O {[%emt 0:00:47]} 15. Ng3 {[%emt 0:03:08]} b5 {[%emt 0:05:01]} 16. Nf3 {[%emt 0:07:26]} b4 {[%emt 0:02:33]} 17. Ne5 {[%emt 0:07:07]} Ra7 {[%emt 0:05:05]} 18. Bg5 {[%emt 0:21:40]} Rfa8 {[%emt 0:05:46]} 19. Kh2 {[%emt 0:09:06]} Bd8 {[%emt 0:09:57]} 20. Nxc6 {[%emt 0:04:46]} bxc6 {[%emt 0:00:07]} 21. cxb4 {[%emt 0:01:14]} Rxa2 {[%emt 0:00:14]} 22. Rxa2 {[%emt 0:00:32]} Rxa2 {[%emt 0:00:08]} 23. Rc1 {[%emt 0:00:37]} Ng4+ {[%emt 0:11:21]} 24. hxg4 {[%emt 0:01:11]} Bxg5 {[%emt 0:00:04]} 25. Rxc6 {[%emt 0:01:24]} fxg4 {[%emt 0:01:12]} 26. b5 {[%emt 0:01:25]} Rxb2 {[%emt 0:01:03]} 27. Nh5 h6 {[%emt 0:00:46]} 28. b6 {[%emt 0:07:37]} Kh7 {[%emt 0:00:18]} 29. Rd6 {[%emt 0:06:51]} Kg6 {[%emt 0:00:58]} 30. Ng3 {[%emt 0:03:40]} h5 {[%emt 0:00:19]} 31. Kg1 {[%emt 0:00:58]} h4 {[%emt 0:02:06]} 32. Nf1 {[%emt 0:00:50]} h3 {[%emt 0:00:47]} 33. g3 {[%emt 0:01:07]} Rb1 {[%emt 0:00:14]} 34. b7 {[%emt 0:02:22]} Rxb7 {[%emt 0:00:07]} 35. Kh2 {[%emt 0:01:09]} Rb2 {[%emt 0:01:11]} 36. Kg1 {[%emt 0:01:02]} Rb1 {[%emt 0:00:07]} 0-1

[Event "European School-ch 2019"]
[Site "Mamaia"]
[Date "2019.06.03"]
[Round "4.42"]
[White "Antal, Iris-Ileana"]
[Black "Ismayilova, Khanim"]
[Result "0-1"]
[WhiteElo "1057"]
[BlackElo "1225"]
[Annotator "NA"]
[PlyCount "108"]
[EventDate "2019.05.31"]
[EventType "swiss"]
[EventCountry "ROU"]
[SourceTitle "playchess.com"]
[Source "ChessBase"]
[SourceQuality "1"]
[TimeControl "40/5400+30:1800+30"]

1. d4 Nf6 2. Nf3 e6 3. c4 d5 4. g3 dxc4 5. Qa4+ {[%emt 0:02:10]} Nc6 {[%emt 0:03:11]} 6. Qxc4 {[%emt 0:00:19]} Be7 {[%emt 0:02:45]} 7. Qc2 {[%emt 0:01:42]} Nxd4 {[%emt 0:04:38]} 8. Nxd4 {[%emt 0:00:32]} Qxd4 {[%emt 0:00:03]} 9. Qxc7 {[%emt 0:01:16]} Ne4 {[%emt 0:06:45]} 10. e3 {[%emt 0:08:35]} Bb4+ {[%emt 0:00:12]} 11. Nc3 {[%emt 0:02:56]} Bxc3+ {[%emt 0:01:54]} 12. bxc3 {[%emt 0:00:23]} Qf6 {[%emt 0:07:33]} 13. f4 {[%emt 0:12:18]} Qxc3+ {[%emt 0:00:30]} 14. Qxc3 {[%emt 0:00:21]} Nxc3 {[%emt 0:00:02]} 15. Bb2 {[%emt 0:01:05]} Nd5 {[%emt 0:00:27]} 16. Bxg7 {[%emt 0:01:11]} Rg8 {[%emt 0:00:15]} 17. Bd4 {[%emt 0:00:39]} Nb4 {[%emt 0:00:40]} 18. Kd2 {[%emt 0:03:44]} Bd7 {[%emt 0:00:40]} 19. Bg2 {[%emt 0:00:38]} Bc6 {[%emt 0:00:28]} 20. Bxc6+ {[%emt 0:00:33]} Nxc6 {[%emt 0:00:28]} 21. Kd3 {[%emt 0:01:54]} Rd8 {[%emt 0:00:23]} 22. Rab1 {[%emt 0:01:09]} Nxd4 {[%emt 0:00:22]} 23. exd4 {[%emt 0:00:27]} Rd7 {[%emt 0:00:06]} 24. Rhc1 {[%emt 0:01:41]} Ke7 {[%emt 0:00:39]} 25. Ke4 {[%emt 0:01:08]} Rgd8 {[%emt 0:00:17]} 26. Rd1 {[%emt 0:01:04]} Rc8 {[%emt 0:02:24]} 27. d5 {[%emt 0:01:06]} f5+ {[%emt 0:01:13]} 28. Kf3 {[%emt 0:01:25]} exd5 {[%emt 0:01:06]} 29. Rb5 {[%emt 0:02:03]} Ke6 {[%emt 0:02:24]} 30. Re1+ {[%emt 0:04:58]} Kf6 {[%emt 0:00:05]} 31. Rd1 {[%emt 0:00:43]} d4 {[%emt 0:01:29]} 32. Rb4 {[%emt 0:02:05]} Rc3+ {[%emt 0:02:21]} 33. Ke2 {[%emt 0:02:05]} Rc2+ {[%emt 0:00:37]} 34. Rd2 {[%emt 0:01:06]} d3+ {[%emt 0:01:11]} 35. Ke3 {[%emt 0:05:33]} Rc3 {[%emt 0:00:36]} 36. Rb3 {[%emt 0:03:04]} Rxb3 {[%emt 0:00:10]} 37. axb3 {[%emt 0:00:12]} Ke6 {[%emt 0:00:18]} 38. Rxd3 {[%emt 0:00:19]} Rxd3+ {[%emt 0:00:01]} 39. Kxd3 {[%emt 0:00:40]} Kd5 {[%emt 0:00:11]} 40. h3 {[%emt 0:00:31]} h5 {[%emt 0:00:23]} 41. h4 {[%emt 0:32:29]} a5 {[%emt 0:30:12]} 42. Ke3 {[%emt 0:01:20]} b5 {[%emt 0:03:09]} 43. Kd3 {[%emt 0:00:16]} a4 {[%emt 0:00:28]} 44. bxa4 {[%emt 0:00:00]} bxa4 {[%emt 0:00:00]} 45. Kc3 {[%emt 0:00:00]} Ke4 {[%emt 0:00:00]} 46. g4 {[%emt 0:00:00]} fxg4 {[%emt 0:00:00]} 47. Kb4 {[%emt 0:00:00]} g3 {[%emt 0:00:00]} 48. Kxa4 {[%emt 0:00:00]} g2 {[%emt 0:00:00]} 49. Kb3 {[%emt 0:00:00]} g1=Q {[%emt 0:00:00]} 50. Kc4 {[%emt 0:00:00]} Qd4+ {[%emt 0:00:00]} 51. Kb3 {[%emt 0:00:00]} Kd3 {[%emt 0:00:00]} 52. Ka3 {[%emt 0:00:00]} Kc3 {[%emt 0:00:00]} 53. Ka2 {[%emt 0:00:00]} Qb4 {[%emt 0:00:00]} 54. Ka1 {[%emt 0:00:00]} Qb2# {[%emt 0:00:00]} 0-1

[Event "European School-ch 2019"]
[Site "Mamaia"]
[Date "2019.06.03"]
[Round "4.43"]
[White "Zarkua, Anastasia"]
[Black "State-Ungureanu, Elena-Anastasia"]
[Result "0-1"]
[WhiteElo "1108"]
[BlackElo "1057"]
[Annotator "NA"]
[PlyCount "78"]
[EventDate "2019.05.31"]
[EventType "swiss"]
[EventCountry "ROU"]
[SourceTitle "playchess.com"]
[Source "ChessBase"]
[SourceQuality "1"]
[TimeControl "40/5400+30:1800+30"]

1. Nf3 {[%emt 0:00:00]} d5 {[%emt 0:00:10]} 2. c4 {[%emt 0:00:00]} c6 {[%emt 0:02:25]} 3. e3 Nf6 {[%emt 0:01:19]} 4. d4 {[%emt 0:00:53]} Bg4 {[%emt 0:00:28]} 5. Nc3 {[%emt 0:00:49]} Nbd7 {[%emt 0:01:45]} 6. cxd5 {[%emt 0:01:01]} cxd5 {[%emt 0:00:30]} 7. Be2 {[%emt 0:00:30]} e6 {[%emt 0:00:20]} 8. O-O {[%emt 0:00:57]} Be7 {[%emt 0:00:13]} 9. h3 {[%emt 0:00:50]} Bh5 {[%emt 0:00:22]} 10. Bd2 {[%emt 0:00:29]} O-O {[%emt 0:00:21]} 11. Rc1 {[%emt 0:00:52]} Rc8 {[%emt 0:01:06]} 12. Qb3 {[%emt 0:01:12]} Qb6 {[%emt 0:01:34]} 13. Qxb6 {[%emt 0:00:50]} Nxb6 {[%emt 0:00:09]} 14. Nb5 {[%emt 0:01:38]} a6 {[%emt 0:00:57]} 15. Nc3 {[%emt 0:03:28]} Ne4 {[%emt 0:14:48]} 16. g4 {[%emt 0:02:45]} Nxd2 {[%emt 0:00:26]} 17. Nxd2 {[%emt 0:00:10]} Bg6 {[%emt 0:00:05]} 18. f4 {[%emt 0:01:21]} f5 {[%emt 0:06:20]} 19. Nb3 {[%emt 0:04:29]} Bb4 {[%emt 0:02:33]} 20. a3 {[%emt 0:02:02]} Bxc3 {[%emt 0:00:27]} 21. Rxc3 {[%emt 0:00:35]} Rxc3 {[%emt 0:00:06]} 22. bxc3 {[%emt 0:00:07]} Na4 {[%emt 0:00:12]} 23. c4 {[%emt 0:00:20]} Rc8 {[%emt 0:02:10]} 24. Rc1 {[%emt 0:00:35]} Nb6 {[%emt 0:01:15]} 25. c5 {[%emt 0:01:06]} Nd7 {[%emt 0:05:49]} 26. Na5 {[%emt 0:01:09]} b5 {[%emt 0:16:02]} 27. c6 {[%emt 0:05:16]} Nb6 {[%emt 0:01:28]} 28. Rc5 {[%emt 0:06:46]} Na4 {[%emt 0:00:41]} 29. Rc1 {[%emt 0:00:20]} Kf8 {[%emt 0:02:32]} 30. gxf5 {[%emt 0:04:21]} Bxf5 {[%emt 0:00:10]} 31. Bg4 {[%emt 0:00:08]} g6 {[%emt 0:00:36]} 32. Kf2 {[%emt 0:00:20]} Nb2 {[%emt 0:03:50]} 33. Bxf5 {[%emt 0:00:34]} gxf5 {[%emt 0:00:17]} 34. Kg3 {[%emt 0:00:33]} Nc4 {[%emt 0:00:22]} 35. Kf3 {[%emt 0:00:32]} Nxa5 {[%emt 0:00:15]} 36. c7 {[%emt 0:00:08]} Nc4 {[%emt 0:00:41]} 37. a4 {[%emt 0:00:29]} Rxc7 {[%emt 0:00:44]} 38. axb5 {[%emt 0:00:08]} axb5 {[%emt 0:00:08]} 39. Rb1 {[%emt 0:00:18]} Nd2+ {[%emt 0:00:05]} 0-1

[Event "European School-ch 2019"]
[Site "Mamaia"]
[Date "2019.06.03"]
[Round "4.44"]
[White "Levitan, Liel"]
[Black "Korolchuk, Vladyslava"]
[Result "0-1"]
[WhiteElo "1162"]
[BlackElo "1032"]
[Annotator "NA"]
[PlyCount "140"]
[EventDate "2019.05.31"]
[EventType "swiss"]
[EventCountry "ROU"]
[SourceTitle "playchess.com"]
[Source "ChessBase"]
[SourceQuality "1"]
[TimeControl "40/5400+30:1800+30"]

1. e4 {[%emt 0:00:00]} c5 {[%emt 0:00:43]} 2. c3 {[%emt 0:00:01]} Nf6 {[%emt 0:01:17]} 3. e5 {[%emt 0:00:16]} Nd5 {[%emt 0:00:51]} 4. d4 {[%emt 0:01:25]} cxd4 {[%emt 0:00:38]} 5. cxd4 {[%emt 0:00:07]} Nc6 {[%emt 0:00:29]} 6. Bc4 {[%emt 0:01:40]} Nb6 {[%emt 0:00:27]} 7. Bb5 {[%emt 0:00:53]} a6 {[%emt 0:00:52]} 8. Bd3 {[%emt 0:00:06]} Nxd4 {[%emt 0:01:34]} 9. Be3 {[%emt 0:01:26]} Nc6 {[%emt 0:02:45]} 10. Qb3 {[%emt 0:01:34]} e6 {[%emt 0:12:37]} 11. Qxb6 {[%emt 0:00:36]} Nxe5 {[%emt 0:06:05]} 12. Qxd8+ {[%emt 0:01:14]} Kxd8 {[%emt 0:00:24]} 13. Bc2 {[%emt 0:01:33]} Bb4+ {[%emt 0:03:01]} 14. Nd2 {[%emt 0:01:49]} Nc4 {[%emt 0:01:35]} 15. O-O-O {[%emt 0:05:41]} Nxe3 {[%emt 0:00:50]} 16. fxe3 {[%emt 0:01:32]} Bc5 {[%emt 0:00:23]} 17. e4 {[%emt 0:09:28]} Be3 {[%emt 0:01:35]} 18. Ngf3 {[%emt 0:04:16]} b5 {[%emt 0:01:15]} 19. Ne5 {[%emt 0:02:32]} Ke7 {[%emt 0:01:35]} 20. Rhf1 {[%emt 0:03:37]} f6 {[%emt 0:00:39]} 21. Ng4 {[%emt 0:02:22]} Bd4 {[%emt 0:02:02]} 22. Nf3 {[%emt 0:03:05]} Bc5 {[%emt 0:01:25]} 23. e5 {[%emt 0:02:47]} f5 {[%emt 0:02:43]} 24. Nf2 {[%emt 0:01:40]} Bb7 {[%emt 0:00:50]} 25. Nd3 {[%emt 0:06:55]} Be3+ {[%emt 0:00:49]} 26. Kb1 {[%emt 0:00:13]} Bd5 {[%emt 0:00:57]} 27. Nb4 {[%emt 0:02:32]} Bc4 {[%emt 0:01:14]} 28. Rfe1 {[%emt 0:02:33]} Bf2 {[%emt 0:00:35]} 29. Rh1 {[%emt 0:02:36]} a5 {[%emt 0:01:02]} 30. Nd3 {[%emt 0:02:15]} Bb6 {[%emt 0:01:01]} 31. Nf4 {[%emt 0:01:17]} g6 {[%emt 0:02:06]} 32. b3 {[%emt 0:03:28]} Bd5 {[%emt 0:00:59]} 33. Nxd5+ {[%emt 0:00:41]} exd5 {[%emt 0:00:06]} 34. Rxd5 {[%emt 0:01:14]} b4 {[%emt 0:00:40]} 35. Rhd1 {[%emt 0:02:28]} Rhd8 {[%emt 0:00:42]} 36. Bd3 {[%emt 0:02:01]} Ra7 {[%emt 0:00:52]} 37. Bb5 {[%emt 0:00:56]} Rc7 {[%emt 0:01:56]} 38. Ng5 {[%emt 0:03:03]} Rb7 {[%emt 0:01:13]} 39. Ba6 {[%emt 0:06:06]} Ra7 {[%emt 0:00:25]} 40. Bc4 {[%emt 0:00:00]} h6 {[%emt 0:00:00]} 41. Rb5 {[%emt 0:03:59]} Bc7 {[%emt 0:01:34]} 42. Nf7 {[%emt 0:04:16]} Rf8 {[%emt 0:01:20]} 43. Rbd5 {[%emt 0:02:34]} Bb6 {[%emt 0:01:02]} 44. e6 {[%emt 0:01:59]} dxe6 {[%emt 0:00:58]} 45. Rd6 Kxf7 {[%emt 0:02:29]} 46. Rxb6 {[%emt 0:03:36]} Re8 {[%emt 0:00:26]} 47. Rdd6 {[%emt 0:01:26]} Rae7 {[%emt 0:00:40]} 48. Kc2 {[%emt 0:01:23]} Kf6 {[%emt 0:00:12]} 49. Kd3 {[%emt 0:00:06]} Ke5 {[%emt 0:00:17]} 50. Ra6 {[%emt 0:05:19]} g5 {[%emt 0:00:23]} 51. Bb5 {[%emt 0:06:14]} Rc8 {[%emt 0:00:49]} 52. Rd7 {[%emt 0:03:09]} Rxd7+ {[%emt 0:00:31]} 53. Bxd7 {[%emt 0:00:15]} Rd8 {[%emt 0:00:34]} 54. Rxe6+ {[%emt 0:00:52]} Kd5 {[%emt 0:00:18]} 55. Re7 {[%emt 0:01:32]} Kd6 {[%emt 0:00:31]} 56. Rh7 {[%emt 0:01:43]} Rxd7 {[%emt 0:00:19]} 57. Rxd7+ {[%emt 0:00:11]} Kxd7 {[%emt 0:00:05]} 58. Ke3 {[%emt 0:00:59]} Kd6 {[%emt 0:00:20]} 59. Kf3 {[%emt 0:00:21]} Kd5 {[%emt 0:00:33]} 60. g4 {[%emt 0:07:28]} f4 {[%emt 0:00:37]} 61. h4 {[%emt 0:01:06]} Kd4 {[%emt 0:00:32]} 62. Ke2 {[%emt 0:04:44]} Ke4 {[%emt 0:00:19]} 63. Kf2 {[%emt 0:00:18]} f3 {[%emt 0:00:17]} 64. Kf1 {[%emt 0:00:10]} Ke3 {[%emt 0:00:16]} 65. Ke1 {[%emt 0:00:18]} f2+ {[%emt 0:00:57]} 66. Kf1 {[%emt 0:00:15]} Kf3 {[%emt 0:00:20]} 67. hxg5 {[%emt 0:00:18]} hxg5 {[%emt 0:00:15]} 68. a4 {[%emt 0:00:14]} bxa3 {[%emt 0:00:08]} 69. b4 {[%emt 0:00:11]} a2 {[%emt 0:00:08]} 70. bxa5 {[%emt 0:00:45]} a1=Q# {[%emt 0:00:06]} 0-1